[Event "RUS-chT 12th"]
[Site "Sochi"]
[Date "2005.04.22"]
[Round "4"]
[White "Korotylev, Alexey"]
[Black "Landa, Konstantin"]
[Result "1/2-1/2"]
[WhiteElo "2605"]
[BlackElo "2571"]
[Annotator "Ribli,Z"]
[PlyCount "65"]
[EventDate "2005.04.19"]
[EventType "team-tourn"]
[EventRounds "11"]
[EventCountry "RUS"]
[SourceTitle "EXT 2020"]
[Source "ChessBase"]
[SourceDate "2019.10.17"]
[SourceVersion "1"]
[SourceVersionDate "2019.10.17"]
[SourceQuality "1"]
[WhiteTeam "Samara Termosteps"]
[BlackTeam "Samara Yunilain"]
[WhiteTeamCountry "RUS"]
[BlackTeamCountry "RUS"]

1. d4 Nf6 2. c4 e6 3. Nf3 d5 4. Nc3 Bb4 5. cxd5 exd5 6. Bg5 Nbd7 7. e3 c5 8.
Bd3 Qa5 9. Qc2 O-O 10. O-O c4 11. Bf5 {Eine Grundstellung der Ragozin Variante,
die erstmals in der Partie Grünfeld,E - Spielmann,R Merano 1926 gespielt wurde.
} Re8 {Das ist die beste Fortsetzung für Schwarz; der Turm steht gut auf der
e-Linie und er kann später entweder 12...Bxc3, oder 12...g6 ziehen.} (11... g6
$6 12. Bxd7 Nxd7 13. e4 Nb6 14. e5 Bf5 15. Qd2 $14) (11... Bxc3 12. Qxc3 Qxc3
13. bxc3 h6 14. Bf4 Nb6 15. Bc2 Ne4 16. Bxe4 dxe4 17. Nd2 Re8 18. Rfb1 $14) 12.
Nd2 g6 13. Bxd7 {Dieser Zug ist die populärste Fortsetzung, aber die folgende
Variante kommt auch in Betracht.} (13. Bh3 $5 Bxc3 14. Qxc3 $5 Qxc3 15. bxc3
Ne4 16. Nxe4 dxe4 17. Bg4) 13... Nxd7 14. Rae1 (14. f3) 14... Nb6 15. f3 Bxc3 (
15... Bd7 16. h4 Na4 17. Ndb1 Bf8 (17... Nxc3 18. Nxc3 Bxc3 19. bxc3 Ba4 20.
Qd2 Bc6 21. h5 Re6 22. hxg6 hxg6 23. g4 {1/2-1/2 Hillarp Persson,T-Barkhagen,J/
Stockholm 1993/EXT 93op (23)}) 18. e4 Nb6 19. Qd2 Bg7 20. a3 Be6 $11 {Zhu,
C-Dreev,A/Dubai (m/1-rapid) 2002 (20)}) 16. bxc3 Na4 (16... Bd7 17. h4 Ba4 (
17... Na4 18. Nb1 Re6 (18... f5 19. Qf2 Bc6 {1/2-1/2 Hillarp Persson,T-Sosonko,
G/Erevan 1996/EXT 96ch2 (19)}) 19. e4 Rae8 20. e5 Rb6 (20... Qb6 $5) 21. Qd2 h5
22. g4 $1 hxg4 23. Bf6 Kh7 24. h5 $1 Rg8 25. Qg5 gxf3 26. Kf2 Rb2+ 27. Kxf3 Rh2
28. Rh1 {1-0 Ikonnikov,V-Conceicao,P/Portugal 2000}) 18. Qc1 Bc6 19. Rf2 Na4 (
19... Qxa2 $2 20. Ne4 $16 {[%cal Rf2a2,Re4f6,Rf6g8,Rf6e8]}) 20. Nb1 Re6 21.
Rfe2 Rae8 $13 {1-0 Xu Jun-Li Wenliang/Calcutta 2001/CBM 85/[Ribli] (75)}) 17.
e4 $5 $146 {[%mdl 4] Eine interessante Idee: Weiß beschäftigt sich nicht mit
der Verteidigung des c3-Bauern, sondern er konzentriert seinen Angriff im
Zentrum. Gewönlich ist das die Idee von 17.e4. Sollte Schwarz keine
Wiederlegung finden, so gewinnt Weiß ein Tempo, da Rc1 oder Nb1 nicht
erzwungen sind.} (17. Rc1 Bd7 18. Bh6 Re6 19. e4 Rae8 20. h3 Rb6 21. exd5 Qxd5
22. Rb1 Rbe6 23. Bf4 b5 24. Ne4 f5 25. Ng3 h5 26. h4 Nb6 {1/2-1/2 Bielicki,
C-Braga,F/3rd AMEBS, La Plata ARG 1997 (60)}) 17... Bd7 $1 (17... dxe4 $6 18.
Nxe4 $36) (17... Nxc3 18. Nxc4 (18. exd5 Rxe1 (18... Re2 19. Rxe2 Nxe2+ 20. Kh1
$14) 19. Rxe1 Bf5 20. Nxc4 Qb4 21. Qb3 Nxa2 22. Re3 $13) 18... dxc4 19. Bd2
Qxa2 20. Qxc3 Qb3 21. Qa1 $44 {[%csl Yf6,Yh6][%cal Ga1h8,Gd2h6]}) 18. Re3 dxe4
{[%cal Ra5g5]} 19. h4 (19. Nxe4 Rxe4 $17 {Jetzt ist Na4 verteidigt und der
Läufer auf g5 "hängt"}) 19... exf3 {Schwarz muß die Einladung annehmen, sonst
spielt Weiß 19.fxe4 oder 19.Nxe4 mit Vorteil.} 20. Nxc4 (20. Rexf3 Re2 $1 (
20... Bg4 21. Nxc4 Qa6 22. Ne5 Bxf3 23. Rxf3 $44) 21. Rxf7 Bc6) 20... Qd5 (
20... Qa6) 21. Ne5 fxg2 22. Rxf7 {[%mdl 2048]} (22. Qxg2 Qxg2+ 23. Kxg2 Be6 $15
) 22... Rxe5 23. Rxd7 Qxd7 24. Rxe5 (24. dxe5 Nc5 $11 {[%cal Gc5e6]}) 24... Qf7
$11 {Nach der Vereinfachung ist die Stellung ausgeglichen.} (24... Rf8 25. Qb3+
Qf7 26. Re3 $14 (26. Kxg2)) 25. Kxg2 Rf8 {[%cal Gf8f1] Aufgrund der Drohungen
von Schwarz muss Weiß die Damen tauschen. .} 26. Qb3 Nxc3 (26... Qxb3 27. axb3
Nxc3 28. Bh6 (28. d5 $11) 28... Rf5 29. Re7 $11) 27. Bh6 Qxb3 (27... Rc8 $2 28.
Re7 Qxb3 29. axb3 $16 {[%csl Ge7,Rg8,Gh6]}) 28. axb3 Rf5 29. Re7 {[%csl Ge7,
Gh6] Schwarz hat einen Bauern mehr, aber Weiß steht aktiver, sodass er das
Gleichgewicht leicht hält} Rh5 30. Bg7 (30. Bg5 $11) 30... Rf5 31. Be5 Rf7 32.
Re8+ Rf8 33. Re7 1/2-1/2

[Event "Ciocaltea Memorial"]
[Site "Bucharest"]
[Date "1999.03.09"]
[Round "6"]
[White "Itkis, Boris"]
[Black "Vasilescu, Lucian Mihail"]
[Result "1/2-1/2"]
[WhiteElo "2462"]
[BlackElo "2381"]
[Annotator "Ribli,Z"]
[PlyCount "90"]
[EventDate "1999.03.04"]
[EventType "tourn"]
[EventRounds "13"]
[EventCountry "ROU"]
[EventCategory "10"]
[SourceTitle "CBM 070"]
[Source "ChessBase"]
[SourceDate "1999.06.08"]
[SourceVersion "1"]
[SourceVersionDate "1999.06.08"]
[SourceQuality "1"]

{[%mdl 4128]} 1. d4 Nf6 2. Nf3 d5 3. c4 e6 4. Nc3 Nbd7 5. cxd5 exd5 6. Bg5 Bb4
{Das ist die Ragozin-Variante, die eigentlich eine Mischung aus Damengambit
und Nimzowitsch-Indischer Verteidigung ist. In vielen Varianten tauscht
Schwarz den b4-Läufer und verstärkt so seine Kontrolle über das Feld e4. Ribli.
} 7. Qc2 {Das ist eine chancenreiche Variante für Weiß. Er spielt diesen
universellen Wartezug und nicht 7.e3, denn in einigen Varianten hat er jetzt
noch wie in der Partie Bg5-d2.} c5 8. dxc5 Qa5 9. Bd2 {Dieser Zug ist die
Pointe in der Variante 7.Qc2! Weiß verteidigt seinen Springer und hat im Spiel
gegen den isolierten schwarzen Damenbauern eine einfache Strategie.} Qxc5 (9...
Nxc5 10. a3 Ne6 11. e3 Be7 12. Bb5+ Bd7 13. Bxd7+ Nxd7 14. O-O Nf6 15. Rfd1 Qa6
16. Be1 {1-0 Züger-Masserey/Genf op, SW 1998 (39)}) (9... Bxc5 10. e3 Qd8 11.
Be2 O-O 12. O-O Re8 13. Rfd1 Ne5 14. Be1 {1/2-1/2 Slipak,S-Ricardi,P/Buenos
Aires 1998/CBM 65 (38)}) (9... O-O 10. e3 Re8 11. a3 Bxc3 12. Bxc3 Qxc5 13. Bd3
Ne4 14. Bd4 Qxc2 15. Bxc2 $14) 10. a3 Bxc3 11. Qxc3 O-O (11... Ne4 12. Qd4 O-O
13. Rc1 Qxd4 14. Nxd4 Ne5 15. Bf4 Ng6 16. Bc7 Bd7 17. f3 Ng5 18. e3 {1-0 Ionov,
S-Novgorodskij,V/Chigorin mem, St Petersburg RUS 1998 (42)}) 12. e3 $146 {
[%csl Rd5] Dieser Zug ist recht natürlich, aber nicht so zielstrebig wie seine
Alternativen.} (12. Qd4 $5 a5 13. Rc1 Qxd4 14. Nxd4 b6 15. Bf4 Ba6 16. e3 Bxf1
17. Rxf1 Rfc8 18. Ke2 g6 19. Bc7 Ne8 20. Nb5 a4 21. Bg3 $16 {Khenkin,
I-Dimitrov,V/Burgas 1993/Inf 58 (21)}) (12. Rc1 $5 Ne4 13. Qd4 Qxd4 14. Nxd4
Nxd2 15. Kxd2 b6 (15... Nf6 16. f3 Bd7 17. e3 Rfc8 18. Bd3 Kf8 19. g4 h6 20. h4
{1-0 Maric,A-Khurtsidze,N/Niksic 1997/CBM 59 ext (53)}) 16. e3 Nc5 17. Bb5 Ne6
18. Kd3 Nc5+ 19. Ke2 Rd8 20. b4 Ne6 21. Nc6 Bd7 22. Ba6 Bxc6 23. Rxc6 {1-0
Krivoshey,S-Treffert,P/Passau 1998/EXT 99 (41)}) 12... Ne4 (12... b6) 13. Qxc5
Ndxc5 {[%cal Gc5b3]} 14. Nd4 $14 {[%csl Gd4,Rd5] Weiß kontrolliert das
Blockadefeld d4 und hat dauerhaft leichten Vorteil.} Bd7 (14... Nxd2 15. Kxd2
Ne4+ 16. Ke1 $14) 15. f3 (15. Bb4 $5 Rfc8 16. f3 Nd6 17. Kd2 $14) 15... Nd6 {
[%cal Gd6c4]} (15... Nxd2 16. Kxd2 $14) 16. Rc1 Rfc8 17. Kf2 Nc4 $5 18. Bb4 (
18. Bxc4 $6 dxc4 {[%csl Yd3]} 19. Ke2 (19. Rxc4 $2 Nd3+ $17 {[%cal Rd3f2,Rc8c4]
} (19... Ne4+ $17 {[%cal Rc8c4,Re4f2]})) 19... Nd3 20. Rc2 b5 $13) 18... b6 19.
Bxc5 $5 (19. b3 Ne5 $13 {[%csl Yd3]}) 19... Rxc5 (19... bxc5 20. Bxc4 dxc4 (
20... cxd4 $2 21. Bxd5 $16) 21. Ne2 $14 {[%csl Rc4]}) 20. Rc2 Rac8 21. Bxc4 $5
(21. Bd3 Ne5 22. Rd2 (22. Ke2 $2 Bb5 $1 (22... Nxd3 23. Kxd3 Rxc2 24. Nxc2 Bf5+
25. e4 dxe4+ 26. fxe4 Bxe4+ 27. Kxe4 Rxc2 $19 {[%csl Gc2][%cal Rc2h2,Rc2b2]})
23. Bxb5 (23. Nxb5 Rxc2+ 24. Bxc2 Rxc2+ $19 {[%cal Rc2h2,Rc2b2]}) 23... Rxc2+
24. Nxc2 Rxc2+ $19 {[%csl Gc2][%cal Rc2h2,Rc2b2]}) 22... a5 $11) 21... dxc4 {
[%csl Gd4] Schwarz befreit sich von seiner Bauernschwäche, aber die weiße
Springerstellung bleibt stark.} (21... Rxc4 22. Rd2 $14 {[%csl Rd5]} (22. Rhc1
$14 {[%csl Rd5]})) 22. Rhc1 a5 (22... b5) 23. Ke2 Kf8 24. Kd2 Ba4 25. Rc3 b5 $2
{[%cal Rb5b4] Schwarz plant ...b5-b4 ziehen, aber wegen des unzureichend
gedeckten schwarzen Turmes auf c5 hätte Weiß eine ausgezeichnete Fortsetzung.}
26. e4 $6 (26. b3 $1 {[%csl Rc5]} cxb3 (26... Bxb3 $2 27. Nxb3 b4 (27... cxb3
28. Rxc5 $18) 28. axb4 axb4 29. R3c2 $18) 27. Rxc5 Rxc5 28. Rxc5 b2 {[%csl Gb2]
[%cal Rb2b1]} 29. Rxb5 (29. Rc1 bxc1=Q+ 30. Kxc1 b4 (30... Ke8 31. Nc6 b4 32.
Nxa5 bxa3 33. Nc4 a2 34. Kb2 Bb3 35. Nd6+ $14) 31. axb4 axb4 32. Nc2 $14) 29...
Bxb5 30. Kc2 {[%csl Rb2]} Bf1 31. g3 $16) 26... g6 $2 {Positionell wäre dieser
Zug gut, denn er verteidigt das Feld f5, aber Weiß hat dasselbe taktische
Motiv wie eben.} (26... Rd8 27. Ke3 Rg5 $14) 27. Rb1 $6 (27. b3 $1 {Ebenso gut
wie im 26. Zug!} cxb3 28. Rxc5 Rxc5 29. Rxc5 b2 30. Rxb5 Bxb5 31. Kc2 Bf1 32.
g3 $16) 27... Ke7 28. f4 {[%cal Gc3h3]} Kd6 $11 29. Rh3 b4 (29... h5 $11) 30.
axb4 axb4 31. Rc1 (31. b3 $6 cxb3 32. Rd3 (32. Nxb3 $2 Rc2+ $17) 32... Ke7 $15)
31... h5 32. Re3 Bd7 33. Ra1 {[%cal Ga1a6]} c3+ 34. Kc2 $5 (34. bxc3 $6 bxc3+ (
34... Rxc3 35. Rxc3 Rxc3 $11) 35. Kc2 Rc4 36. Nb3 Ba4 $15) 34... Rc4 35. Rd3 {
[%cal Gd3d6]} Ke7 36. Ra7 {[%cal Ga7e7,Gd3d7] Die schwarzen Aktionen am
damenflügel sind nur scheinbar gefährlich. Auch Weiß hat aktive Chancen.} cxb2+
37. Kxb2 R8c7 (37... R4c7 $11) 38. Rxc7 Rxc7 39. Kb3 {Der Bauer b4 ist ein
wenig schwach, aber Schwarz kann das Gleichgewicht halten.} Rb7 40. Rd2 {
[%csl Rb4][%cal Rd2c2,Rc2c4,Rc4b4]} Be8 41. Rc2 f6 $1 {[%cal Ge8f7,Gf7b3]} 42.
Nc6+ (42. Rc4 $4 Bf7 $17) 42... Bxc6 43. Rxc6 Rd7 {[%cal Rd7d2,Rd2h2]} 44. e5 {
[%cal Rc6g6]} fxe5 45. fxe5 g5 {Und in gleicher Stellung wurde hier Remis
vereinbart.} (45... g5 46. Rg6 (46. Kxb4 Rd2 $11) 46... g4 47. Kxb4 (47. Rg7+
$6 Ke6 48. Rxd7 Kxd7 49. Kxb4 Ke6 50. Kc4 Kxe5 51. Kd3 $11) 47... Rd2 48. Rh6
Rxg2 49. Rxh5 g3 50. hxg3 Rxg3 $11) 1/2-1/2

[Event "Minneapolis HB Global op"]
[Site "Minneapolis"]
[Date "2005.05.20"]
[Round "4"]
[White "Epishin, Vladimir"]
[Black "Kacheishvili, Giorgi"]
[Result "1-0"]
[WhiteElo "2605"]
[BlackElo "2597"]
[Annotator "Ribli,Z"]
[PlyCount "53"]
[EventDate "2005.05.18"]
[EventType "swiss"]
[EventRounds "9"]
[EventCountry "USA"]
[SourceTitle "CBM 107"]
[Source "ChessBase"]
[SourceDate "2005.08.01"]
[SourceVersion "1"]
[SourceVersionDate "2005.08.01"]
[SourceQuality "1"]

1. d4 Nf6 2. c4 e6 3. Nf3 d5 4. Nc3 Bb4 5. Bg5 h6 {Statt dieser Fortsetzung
konnte Schwarz mit 5...dxc4 in die Wiener Variante überleiten.} 6. Bxf6 Qxf6 7.
e3 O-O 8. Be2 {Dieser Zug wird selten gespielt; populärer ist die Alternative
8.Rc1. Der Nachteil des Läuferzugs ist der Verlust eines Tempo nach dxc4 mit
Bxc4.} (8. Rc1 dxc4 9. Bxc4 c5 10. a3 Bxc3+ 11. bxc3 Nc6 12. O-O Rd8 13. Bb5
Bd7 14. Qb3 Rac8 15. Rfd1 Be8 16. a4 Qe7 {1/2-1/2 Ftacnik,L-Kacheishvili,G/
Batumi ) 1999 (22)}) 8... dxc4 (8... c6 $5) 9. O-O (9. Bxc4 c5 10. O-O cxd4 11.
exd4 Nc6 $11) 9... Rd8 {Der Turmzug scheint mir etwas passiv; nach meiner
Meinung muß Schwarz früher oder später c7-c5 ziehen. Die Alternative 9...c5!?
scheint mir logischer.} (9... a6 10. Bxc4 Nd7 11. Rc1 Bxc3 12. Rxc3 c5 13. Qc2
cxd4 14. exd4 Nb6 15. Ne5 {1-0 Epishin,V-Kupreichik,V/CERA Bank op 1998/EXT 99
(30)}) (9... b6 10. Rc1 Bb7 11. Nb5 $1 a6 12. Rxc4 axb5 13. Rxb4 Rxa2 14. Rxb5
Bc6 15. Rb4 Nd7 16. Rc4 $14 {1-0 Karpov,A-Wockenfuss,K/Bad Lauterberg 1977/ 
(30)}) (9... Qe7 10. Bxc4 Rd8 (10... c5 11. Qe2 b6 12. Rfd1 Bb7 13. Rac1 Rd8
14. h3 Bxc3 15. Rxc3 Nd7 16. Ba6 cxd4 $1 17. Rxd4 Nc5 (17... Bxa6 18. Qxa6 Nc5
19. Qc4 $140 e5 20. Rd5 $14) 18. Bxb7 Qxb7 19. Qc2 $1 a5 20. Ne5 $14 {1/2-1/2
Epishin,V-Landa,K/Mlada Boleslav 1994/(48)}) 11. a3 Bxc3 12. bxc3 c5 13. Ne5
Nd7 14. f4 cxd4 15. exd4 Nxe5 16. fxe5 Bd7 17. Bd3 Rac8 18. Qe1 Bc6 19. Ra2 Bd5
20. Raf2 Qg5 21. Rc2 Bc4 22. Rf3 Bxd3 23. Rxd3 Qe7 24. Rd1 {1/2-1/2 Epishin,
V-Yermolinsky,A/Moscow RUS 2005/(24)}) (9... Nd7 10. Bxc4 c5 11. Ne4 Qe7 12. a3
Ba5 13. dxc5 Nxc5 14. Qd6 Qxd6 15. Nxd6 Bc7 16. Rfd1 {1/2-1/2 Tvauri,
I-Edzgveradze,N/Tbilisi 1998/EXT 2002 (43)}) (9... c5 $5 10. Ne4 Qe7 11. a3
cxd4 12. Qxd4 (12. axb4 d3) 12... Ba5 13. Qxc4 Bd7 14. Ne5 Rc8 15. Qb3 Bc6 16.
Nxc6 Nxc6 17. Rfd1 {1/2-1/2 Khmelniker,I-Lerner,K/Givataim 2005/CBM 105 ext})
10. a3 $1 {Mit diesem Zug möchte Weiß seine Zentrumstellung verstärken.} (10.
Rc1 c5 $11) 10... Bxc3 (10... Ba5 11. Bxc4 $11) 11. bxc3 c5 12. Ne5 Nd7 13. f4
$14 {[%csl Rc8,Ge5][%mdl 32] Weiß verfügt über einen ausgezeichnet
positionierten Springer auf e5 und es ist nicht leicht zu sehen, wie Schwarz
seinen weißfeldrigen Läufer entwickeln kann.} cxd4 (13... Nxe5 14. fxe5 Qg5 15.
Rf3 $14) 14. exd4 Nxe5 $6 {Mit diesem Tausch hilft Schwarz dem Gegner: Weiß
bekommt eine gefährliche Initiative auf der f-Linie.} (14... Nb6 15. a4 Nd5 16.
Qd2 $14) 15. fxe5 Qg5 16. Rf3 {[%cal Gf3g3,Gg3g8]} Bd7 17. Rg3 Qf4 (17... Qe7
18. Bxc4 $16) (17... Qh4 18. Qd2 $16) 18. Ra2 $1 {[%cal Ga2f2] Eine sehr
tiefer, großmeisterlicher Zug.} Bc6 19. Bh5 {[%cal Ra2f2,Rf2f7]} Rd7 $6 (19...
Rf8 $142 20. Bg4 $5 $36 {Auf diese Weise verhindert Weiß Qh4 und Qe7.} (20. Rf2
Qh4 21. Rg4 Qe7)) 20. Rf2 {[%csl Rf4] Die schwarze Dame steht sehr schlecht
auf f4, während Weiß viele Tempi für den Angriff am Königsflügel gewinnt} Qe4 (
20... Qh4 21. Rg4 $1 {Der Unterschied zwischen 19...Rd7 und 19..Rf8 - besteht
darin, dass Schwarz mit der Positionierung des Turms auf f8 mit 21...Qe7
fortsetzen kann} Qd8 22. Qd2 $16) 21. Qf1 Rf8 22. Rf4 (22. Rf6 $1) 22... Qc2
23. Rf2 (23. Rfg4 g5 24. h4 $40) 23... Qe4 (23... Qa4 24. Qc1 Kh8 (24... Kh7
25. Bd1 Qb5 26. Bc2+ Kh8 27. Rf6 $18) 25. Rf6 $18) 24. Rf6 $1 {[%csl Gf1,Gf6,
Gg3,Rg8,Gh5][%cal Rf6h6][%mdl 128] Weiß verfügt über deutlichen Angriff am
Königsflügel.} Kh7 25. Rf4 Qd5 (25... Qc2 26. Bxf7 $18 (26. Rf2 Qe4 27. Bxf7
$18)) 26. Bxf7 $18 Kh8 27. Rxg7 $1 (27. Rxg7 Kxg7 28. Rg4+ Kh7 29. Qf6 $18) 1-0

[Event "Capablanca Memorial Elite 40th"]
[Site "Havana"]
[Date "2005.05.13"]
[Round "8"]
[White "Arencibia Rodriguez, Walter"]
[Black "Jobava, Baadur"]
[Result "1-0"]
[WhiteElo "2530"]
[BlackElo "2637"]
[Annotator "Ribli,Z"]
[PlyCount "99"]
[EventDate "2005.05.06"]
[EventType "tourn"]
[EventRounds "14"]
[EventCountry "CUB"]
[EventCategory "15"]
[SourceTitle "CBM 107"]
[Source "ChessBase"]
[SourceDate "2005.08.01"]
[SourceVersion "1"]
[SourceVersionDate "2005.08.01"]
[SourceQuality "1"]

1. d4 Nf6 2. Nf3 d5 3. c4 e6 4. Nc3 Bb4 5. cxd5 exd5 6. Qa4+ {Diese Variante
wird selten gespielt: nach diesem Zug muß Schwarz 6...Nc6 spielen, damit c7-c5
verhindert wird: Ein typisches Motiv in der Ragozin Variante.} Nc6 7. Bg5 h6 8.
Bxf6 Qxf6 9. e3 O-O 10. Be2 (10. Rc1) 10... Be6 11. O-O a6 12. Rfc1 {Nach
diesem Zug kann Weiß seine Dame auf d1 platzieren und mit zwei Türmen auf dem
Damenflügel weiterspielen.} Bd6 13. Qd1 Ne7 (13... Rae8 14. a3 Nd8 15. b4 c6
16. Na4 Qe7 17. Nc5 f5 18. g3 Bf7 19. Nd3 Bh5 20. Nfe5 Bxe2 21. Qxe2 Bxe5 22.
Nxe5 Rf6 23. Rab1 {[%cal Gd8f7] Und hier wurde Remis gegeben in Horváth,Jó.-
Palac,M.Cannes 1993.}) 14. Rab1 $5 $146 {Dieser natürliche Turmzug ist eine
theoretische Neuerung. Weiß spielt noch nicht 14.Na4, sondern bereitet b2-b4
vor. Nach 14.Na4 kann Schwarz mit 14...b6 die Angriffsbemühungen von Weiß am
Damenflügel eingeschränken} (14. Na4 {(/\ 15.Nc5)} b6 (14... c6 15. Nc5 Bxc5
16. Rxc5 Bg4 17. Ne5 Bxe2 18. Qxe2 Qe6 19. Rc2 Nc8 {1/2-1/2 Timman,J-Izoria,Z/
Calvia 2004}) 15. b4 Ng6 (15... Rfe8 16. Qb3 g5 17. Nb2 {[%cal Gb2d3,Gd3e5,
Gf3e5]} g4 18. Ne5 Bxe5 19. dxe5 Qxe5 20. Nd3 Qg5 21. Nf4 $44 {[%csl Gf4][%cal
Rc1c7,Gf4e6] 1/2-1/2 Comas Fabrego,L-Piket,J/Escaldes 1998/CBM 068/[Ribli] (75)
}) (15... g5 $5 16. Nb2 (16. g3 Ng6 17. Ne1 Qg7 18. Kh1 f5 $36) 16... Ng6 17.
Nd3 h5 18. Nfe5 g4 $13 (18... h4 19. Nc6 $6 $14)) 16. Nb2 a5 17. b5 Rad8 18.
Nd3 Rfe8 19. Rc3 Bf5 20. Rac1 Be4 21. g3 Qf5 22. Nd2 Qe6 23. Bg4 {1/2-1/2
Zilberman,Y-Soffer,R/Ramat Aviv 2000/CBM 77 (72)}) 14... Rad8 (14... g5 $5 15.
b4 (15. Na4 b6) 15... b6) 15. b4 c6 16. Na4 {[%cal Ga4c5]} Bc8 17. Nc5 g5 (
17... Bxc5 18. bxc5 $16) 18. a4 $14 {[%cal Gb4b5] Weiß hat Initiative am
Damenflügel: sein Spiel mit a4 und b4 ist ein Minoritätsangriff, in dem hier
drei Bauern vier gegenüber stehen. Mit Öffnung der c-Linie verfügt Weiß über
dauerhaften positionelle Druck. Jetzt ist die weiße positionelle Drohung 19.b5.
} b5 {[%csl Gc5] Schwarz verteidigt sich gegen b4-b5, aber das c5-Feld ist
eine positionelle Schwächung in der schwarzen Stellung.} (18... g4 19. Ne1 h5
20. b5 $14) 19. Nd3 {[%cal Gf3e5]} Ng6 {Schwarz verteidigt sich gegen 20.Nfe5 
(oder 20.Nde5) - natürlich geht nicht 20.Rxc6 wegen 20...Bxh2+.} 20. Nfe1 Bb8
21. Rc3 {[%mdl 32] Weiß verdoppelt die Türme auf der c-Linie und erhöht seinen
Druck am Damenflügel.} (21. Bg4 $14) 21... Ne7 22. Rbc1 Qd6 23. g3 Kg7 24. Nf3
{[%cal Gf3e5,Gd3e5] Es droht wieder 25.Nfe5, oder 25.Nde5 - Schwarz muß seine
Königsstellung mit 24...f6 schwächen.} f6 25. Nd2 Rd7 (25... f5 26. Nf3 $16)
26. Nc5 {[%csl Gc5] In der geschlossene Stellung sind die Springer besser, als
die schwarzen Läufer; der Nc5 dominiert das Spielgeschehen.} Ra7 27. Ra3 Ng6
28. axb5 axb5 29. Rxa7+ Bxa7 30. Ndb3 Rf7 (30... f5 31. Ra1 Bb6 32. f4 $14 (32.
Kh1 $14)) 31. Qc2 Ne7 32. Ra1 Bb6 33. Bd3 Rf8 (33... f5 34. f4 $14) 34. Qe2 {
[%cal Ge2h5]} g4 35. Bc2 {[%csl Yf4][%cal Gc5d3,Gd3f4]} h5 36. h4 $1 f5 (36...
gxh3 37. Qxh5 Rh8 38. Qf3 $16) 37. Nd3 $16 {[%csl Yc5,Yf4][%cal Gb3c5,Gd3f4]
Weiß hat eindeutige Positionsvorteile; Nb3 zielt auf das Feld c5, während der
Nd3 nach f4 geht. Schwarz hat kein Gegenspiel.} Be6 {Interessanterweise ist
das der erste Läuferzug in der Partie.} 38. Nbc5 Rb8 39. Qd2 Bf7 40. Ra6 Qd8
41. Ne5 {[%csl Gc5,Ge5]} Ra8 (41... Bxc5 42. bxc5 $16) 42. Nb7 Qc8 43. Rxb6 Qc7
44. e4 $1 {[%csl Rg7][%cal Rd2g5,Rg5g7][%mdl 64] Weiß beschäftigt sich nicht
mit dem Turm auf b5, stattdessen konzentriert er sich auf den Angriff auf den
schwarzen König.} Qxb6 45. Qg5+ Ng6 46. Nd6 $18 {[%csl Gd6,Ge5,Gg5,Rg7]
Schwarz ist hilflos gegen die vielseitigen Drohungen.} Qd8 47. Nxf5+ Kg8 48.
Qh6 Qf6 49. Nd7 Qh8 50. Ne7+ (50. Ne7+ Nxe7 51. Nf6+ $18) 1-0